Minuty na boisku zawodników PTG Sokół Łańcut - Statystyki

Ogólne statystyki
  • Ten quiz został rozwiązany 11 razy
  • Średni wynik to 4 z 16
Statystyki odpowiedzi
Min Odpowiedź % Poprawnych
764 Delano Spencer
50%
00:32 Kacper Balawender
50%
252 Mateusz Bręk
50%
00:53 Mikołaj Płowy
50%
676 Adam Kemp
25%
717 Corey Sanders
25%
595 Filip Struski
25%
453 James Eads
25%
369 Marcin Nowakowski
25%
586 Mateusz Szczypiński
25%
227 Michał Kołodziej
25%
261 Przemysław Wrona
25%
1 Filip Materna
0%
1 Maksymilian Formella
0%
123 Quinterain McConico
0%
827 Raynere Thorthon
0%
Nie znaleziono quizów pasujących do podanych kryteriów
Rozkład punktacji
Procent ludzi z każdym wynikiem
Percentyl według liczby udzielonych odpowiedzi
Twoja historia wyników
Nie rozwiązałeś tego quizu